[Event "EIWCC 2018"]
[Site "Vysoke Tatry"]
[Date "2018.04.08"]
[Round "1"]
[White "Kaliadzich, Maryia"]
[Black "Cosma, Elena-Luminita"]
[Result "1/2-1/2"]
[WhiteElo "2078"]
[BlackElo "2340"]
[Annotator "TA"]
[PlyCount "157"]
[EventDate "2018.??.??"]
[EventType "swiss"]
[EventCountry "SVK"]
[SourceTitle "playchess.com"]
[Source "ChessBase"]
[SourceQuality "1"]

{[%evp 22,157,29,22,54,31,49,48,41,30,54,39,35,51,29,33,74,45,47,52,39,52,81,-6,-2,-14,-21,-14,-27,-21,-18,-29,0,0,0,0,78,85,88,0,0,-17,-16,-108,-101,-64,-68,-60,-101,-81,-64,-68,-57,-81,-74,-82,-72,-57,-56,-77,-105,-408,-394,-393,-364,-312,-316,-141,-177,-431,-8,-8,0,0,0,0,0,-8,-8,-8,-8,-155,-8,-306,-18,-121,-8,-8,-8,-8,-8,-8,-8,-8,-8,-8,-8,-8,-8,-8,-8,-8,-8,-8,-8,-8,-8,-8,-8,-8,-8,-8,-8,-8,-8,-8,-8,-8,-8,-8,-8,-8,-8,-8,-8,-8,-8,-8,-8,-8,-8,-8,-8,-8,-8,-8,0,0]} 1. d4 d5 2. c4 e6 3. e3 Nf6 4. Nf3 c5 5. Nc3 Nc6 6. a3 a6 7. dxc5 Bxc5 8. b4 Be7 9. cxd5 exd5 10. Bb2 O-O 11. Be2 Bg4 12. O-O Rc8 {D40: Queen's Gambit Declined: Semi-Tarrasch with 5 e3} 13. Rc1 Bd6 (13... Re8 14. Re1 Bf8 15. h3 Bh5 16. b5 axb5 17. Nxb5 Ne4 18. Nfd4 Bxe2 19. Qxe2 Ne5 20. Nf5 {½-½ (37) Hjartarson,J (2529)-Hirneise,T (2457) Berlin 2015}) 14. h3 Be6 {White is slightly better.} 15. b5 Nb8 $146 ({Predecessor:} 15... axb5 16. Nxb5 Be7 17. Nbd4 Nxd4 18. Qxd4 Ra8 19. Rc3 b6 20. Rfc1 Bc5 {0-1 (40) Dimitriev,A (1500)-Wozniak,Z (1861) IECC email 2003}) 16. Qd4 Qe7 17. a4 Bc5 18. Qd3 Bd6 19. Ng5 Nbd7 20. bxa6 bxa6 21. Qb1 ({Not} 21. Qxa6 $2 Nc5 $19) 21... Rc6 22. Bg4 ({White should play} 22. Nxe6 $16 Qxe6 23. Ne4 Bh2+ 24. Kxh2 Nxe4 25. Rxc6 Qxc6 26. Qa1) 22... Rb6 {White must now prevent ...Rfb8.} (22... Rc5 {seems wilder.} 23. Nxe6 fxe6 24. Be2 Ra5 25. Qc2 Rb8) 23. Qc2 (23. a5 {is more complex.} Rb3 24. Bd1 Rb4 25. Qa1 Rxb2 26. Qxb2 Ba3 27. Qc2) 23... Rxb2 24. Qxb2 Nxg4 25. Nxe6 fxe6 26. hxg4 Ba3 (26... Ne5 {keeps more tension.} 27. Ne2 Nxg4 28. g3 Ba3 29. Qd4 Qg5) 27. Qb7 Bxc1 28. Rxc1 Qf7 (28... Qh4 $11 {remains equal.} 29. Qxd7 Qxf2+ 30. Kh1 Qxe3) 29. Nd1 $1 $16 Ne5 30. Qxf7+ (30. Qxa6 $16 Nc4 31. a5) 30... Rxf7 {[%mdl 4096] Endgame KRN-KRN} 31. Rc8+ Rf8 32. Rxf8+ (32. Rc5 $11 {keeps the balance.}) 32... Kxf8 $11 {KN-KN} 33. g5 Ke7 34. Kf1 Kd6 35. f4 Nc4 36. Ke2 Kc5 37. g4 Nd6 38. Kd3 Ne4 39. a5 g6 40. Nb2 $1 Nf2+ 41. Ke2 $2 {[%mdl 8192]} (41. Kc3 $17 {was the crucial defense.}) 41... Nxg4 $19 42. Kf3 h5 $1 43. gxh6 Nxh6 44. Nd3+ Kb5 45. Ne5 $2 (45. e4 {only move.}) 45... Nf5 $2 (45... Kxa5 $19 46. Ke2 Kb4) 46. Nxg6 $11 Kxa5 47. e4 $1 {[%cal Re4f5]} dxe4+ 48. Kxe4 Kb4 49. Ne5 Ne7 {...a5 is the strong threat.} 50. Nd3+ Kc4 {And now ...a5 would win.} (50... Kc3 $5) 51. Ne5+ {[#]} (51. Nb2+ $11 Kc3 52. Na4+ Kb4 53. Nb2) 51... Kc5 (51... Kc3 $1 $17 52. Nd7 a5) 52. Nf3 $2 {[%mdl 8192]} (52. Nd3+ $11 {and White is okay.} Kc4 53. Nb2+ Kc3 54. Na4+ Kb4 55. Nb2) 52... Nc6 $2 (52... a5 $19 53. Ne5 Kb4 54. Nd3+ Kc3) 53. Nd2 {[#]} (53. Ng5 $11 {was the only way to keep the balance.}) 53... Nd4 (53... Kb4 $1 $17 {[%cal Rb4c3]} 54. Nf3 a5) 54. Ke5 {The position is equal.} a5 {Threatens to win with ...a4.} 55. Ne4+ Kc4 56. Nd6+ $1 Kc3 (56... Kd3 $5 57. Nb7 $8 Ke3 58. Nxa5 Kf3 $11) 57. Ne4+ Kd3 58. Nc5+ Kc4 59. Na4 Ne2 {Threatening ...Kb4.} 60. Kxe6 Nxf4+ 61. Ke5 Kb4 62. Nb6 Ne2 {Strongly threatening ...Kb5.} 63. Ke4 Kc5 64. Na4+ Kb5 65. Nb2 Kb4 {White should prevent ...Kb3.} 66. Nd3+ Kc3 67. Ke3 Nd4 68. Nc5 Nc6 {With the idea ...Kc4.} (68... Kc4 {is interesting.} 69. Nd7 Nb5 70. Kd2 Kb3 71. Kd3 Kb4) 69. Ke2 Kc4 70. Na4 Kb4 71. Nb6 Ne7 {next ...Kc3 is good for Black.} 72. Kd3 Kb5 73. Nc4 a4 {[%cal Ba5a4,Ba4a3,Ba3a2][%mdl 32]} 74. Ne3 Kb4 75. Kc2 a3 76. Kb1 Kb3 77. Nc2 a2+ 78. Ka1 Nc6 79. Nd4+ {Precision: White = 51%, Black = 51%.} 1/2-1/2

[Event "EIWCC 2018"]
[Site "Vysoke Tatry"]
[Date "2018.04.08"]
[Round "1"]
[White "Makka, Ioulia"]
[Black "Unuk, Laura"]
[Result "0-1"]
[WhiteElo "2076"]
[BlackElo "2329"]
[Annotator "TA"]
[PlyCount "94"]
[EventDate "2018.??.??"]
[EventType "swiss"]
[EventCountry "SVK"]
[SourceTitle "playchess.com"]
[Source "ChessBase"]
[SourceQuality "1"]

{[%evp 16,94,20,25,25,20,25,16,31,17,15,17,4,0,0,-10,-5,-14,-19,-30,-25,-35,-29,-77,-18,-20,-12,-14,0,-9,-12,-14,107,112,213,207,213,57,46,0,0,0,0,0,0,-206,-122,-131,-110,-119,-107,-188,-185,-197,-178,-264,-267,-299,-313,-396,-434,-1141,-1132,-2359,-2001,-29983,-29984,-29989,-29990,-29990,-29990,-29991,-29992,-29995,-29996,-29996,-29997,-29997,-29998,-29998,-29999]} 1. e4 e5 2. Nf3 Nc6 3. Bb5 a6 4. Ba4 Nf6 5. d3 d6 6. a3 {C77: Ruy Lopez: 3...a6 4 Ba4 Nf6, unusual lines} (6. c3 g6 7. O-O Bg7 8. h3 O-O 9. Be3 Qe7 10. Nbd2 Nd8 11. Re1 Ne6 12. Ng5 Bd7 13. Bxd7 Nxd7 14. Nxe6 Qxe6 15. Qb3 Qxb3 16. axb3 f5 17. f3 Nf6 18. b4 Rfe8 19. Nb3 c6 20. g4 {½-½ (20) Alekseev,E (2616)-Ivanchuk,V (2726) Riadh 2017}) 6... g6 7. O-O Bg7 8. Re1 O-O 9. c3 {LiveBook: 3 Games} b5 10. Bb3 Na5 11. Ba2 c5 $146 ({Predecessor:} 11... Be6 12. b4 Nc6 13. a4 d5 {0-1 (29) Perez Manas,B (2350)-Dalo,H (2154) Barcelona 2018}) 12. Nbd2 Rb8 13. b4 Nc6 14. Nf1 d5 15. Bg5 dxe4 16. dxe4 c4 17. Qc1 Bg4 18. N3d2 h6 19. Be3 Qc7 ({Black should try} 19... Nh5 $1 $17 {Black wants to play ...Nf4.} 20. Bc5 Re8) 20. h3 $11 Be6 21. Ng3 Nd7 22. Nf3 Kh7 {[%cal Bg8h7,Bh7g7,Bg7f7,Bf7e8,Be8d7,Bd7c7][%mdl 32]} 23. Bb1 Rfd8 {[#]} (23... Nf6 $11) 24. Nf5 $1 $16 {[%mdl 512]} g5 {[#]} (24... Rh8 $16) (24... gxf5 25. exf5) 25. h4 $1 $18 f6 26. Nxg7 $2 (26. hxg5 $18 {Black must now prevent g6+!} hxg5 {[#]} 27. Bxg5 $1 {[%mdl 512]}) 26... Kxg7 $14 27. hxg5 hxg5 {[#]} 28. Bxg5 $1 {[%mdl 512]} fxg5 29. Qxg5+ Kf7 {Threatens to win with ...Rh8.} 30. Qh4 $2 (30. Qh5+ $11 {and White is okay.} Ke7 31. Qh7+ Bf7 32. Nh4) 30... Nf8 (30... Rh8 $19 31. Ng5+ Kf6 32. Nh7+ Kg7) 31. Ng5+ $17 Ke8 32. Bc2 ({Don't go for} 32. Nxe6 $2 Nxe6 33. Qh8+ Kd7 $19) 32... Qe7 33. Bd1 (33. Rad1 $17 {is a better defense.}) 33... Kd7 $19 34. a4 Kc7 35. Be2 (35. Nxe6+ $142 Nxe6 36. Qxe7+ Nxe7 37. axb5 axb5 38. Bg4) 35... Ng6 36. Nxe6+ Qxe6 37. Qh7+ Rd7 {[%cal Bd8d7,Bd7h7,Bh7h1][%mdl 32]} 38. Qh6 (38. Qh3 $142 Qxh3 39. gxh3) 38... Rh8 39. Qe3 Rdh7 {[%csl Gh8][%cal Rh7h1]} 40. f3 Qf6 {Black mates.} 41. Bf1 Nf4 42. Qc5 Rh1+ 43. Kf2 Qg5 44. Re3 Qh4+ 45. g3 Qh2+ 46. Ke1 {[#]} Rxf1+ $1 {[%mdl 512]} 47. Kxf1 Qg2+ {Precision: White = 45%, Black = 66%.} 0-1

[Event "EIWCC 2018"]
[Site "Vysoke Tatry"]
[Date "2018.04.08"]
[Round "1"]
[White "Azimova, Karina"]
[Black "Rapport, Jovana"]
[Result "0-1"]
[WhiteElo "2069"]
[BlackElo "2328"]
[Annotator "TA"]
[PlyCount "80"]
[EventDate "2018.??.??"]
[EventType "swiss"]
[EventCountry "SVK"]
[SourceTitle "playchess.com"]
[Source "ChessBase"]
[SourceQuality "1"]

{[%evp 13,80,8,23,-31,-37,-42,-5,-18,-10,-23,-14,-10,0,0,0,0,6,0,12,0,0,0,40,31,68,0,12,-38,-30,-22,-2,-4,-4,-123,-143,-472,-462,-445,-433,-625,-508,-528,-509,-458,-57,-106,-91,-103,-109,-129,-123,-237,-112,-275,-237,-306,-310,-779,-753,-748,-686,-1173,-1158,-1164,-1000,-4902,-1693,-1994,-848]} 1. e4 c6 2. d4 d5 3. exd5 cxd5 4. Bd3 Nc6 5. c3 Nf6 6. h3 e5 7. dxe5 Nxe5 {LiveBook: 86 Games} 8. Be2 {B13: Caro-Kann: Exchange Variation and Panov-Botvinnik Attack} (8. Nf3 $11 Nxd3+ 9. Qxd3) (8. Nf3 Nxd3+ 9. Qxd3 Be7 10. O-O O-O 11. Be3 b6 12. Nd4 Bb7 13. Bg5 h6 14. Bh4 Qd7 15. Re1 Rae8 16. Nd2 g5 17. Bg3 Ne4 18. Nf1 f5 {1-0 (54) Alekseev,E (2638)-Bocharov,D (2593) Khanty-Mansiysk 2016}) 8... Bd6 $15 9. Nd2 O-O $146 ({Predecessor:} 9... Bf5 10. Ndf3 Nc6 11. Nd4 Nxd4 12. Qxd4 O-O 13. Nf3 Qe7 14. Be3 b6 15. Qd1 Rfe8 {½-½ (64) Rozic,S (1930)-Dinter,B (2055) Nova Gorica 2009}) 10. Ngf3 {The position is equal.} Ng6 11. Nb3 Ne4 12. O-O ({Reject} 12. Qxd5 Nxf2 $1 {[%mdl 512]} 13. Bg5 (13. Kxf2 $2 Bg3+ 14. Kxg3 Qxd5 $19) 13... Qb6 $17) 12... Nf4 13. Bxf4 Bxf4 14. Qd4 Bc7 15. Rad1 Qe7 16. Bd3 Rd8 {[%cal Bf8d8,Bd8d6,Bd6g6][%mdl 32]} 17. Qe3 Rd6 18. Rfe1 Rg6 19. Kh1 (19. Bxe4 $14 dxe4 20. Qxe4 Qxe4 21. Rxe4 Bxh3 22. Nh4) 19... f5 {[%cal Bf7f5,Bf5f4][%mdl 32]} 20. Bf1 Be6 21. Nbd4 Re8 22. Bb5 Bd7 {White should prevent ...a6.} 23. Kg1 (23. Qe2 $1 $11) 23... f4 $17 24. Qc1 $2 {[%mdl 8192]} (24. Qd3 $17 {nothing else works.} Bxh3 25. Kh2 Bxg2 26. Nf5) 24... Bxh3 $1 $19 25. Bf1 Bg4 26. c4 (26. Bb5 $142 Rc8 27. Qc2) 26... Bxf3 27. Nxf3 Bb6 (27... Qc5 28. Re2 $17) 28. Re2 {[#]} dxc4 $2 (28... Rh6 $1 $19 {( -> ...Ng3!)} 29. Qxf4 Rf8 30. Qxh6 gxh6 31. Rxd5 Bxf2+ 32. Rxf2 Nxf2 33. Kxf2 Qf6) 29. Qxc4+ Kh8 {Threatens to win with ...Bxf2+.} 30. Rde1 {[%cal Re2e4]} Re6 $40 {[%mdl 128] Black is out for blood.} 31. Qc2 {[#]} h6 $1 32. Rd1 (32. a3 $17 {was called for.}) 32... Qf7 (32... Rc6 $19 33. Qb3 Bxf2+ 34. Rxf2 Nxf2 35. Kxf2 Rb6) 33. Nd4 $2 (33. Qc4 $17 Qh5 34. Rd5) 33... R6e7 34. Ree1 {intending Bb5.} Qf6 ({Not} 34... Qxa2 35. Bb5 $17) 35. Bd3 $2 (35. Rxe4 Rxe4 36. Nf3) 35... Qxd4 {Black is clearly winning.} 36. Bxe4 Rxe4 37. Rxd4 Rxe1+ 38. Kh2 Bxd4 39. Qc7 R1e7 40. Qc2 {[#]} f3 $1 {Precision: White = 28%, Black = 44%.} 0-1

[Event "EIWCC 2018"]
[Site "Vysoke Tatry"]
[Date "2018.04.08"]
[Round "1"]
[White "Trippold, Denise"]
[Black "Klek, Hanna Marie"]
[Result "1-0"]
[WhiteElo "2067"]
[BlackElo "2327"]
[Annotator "TA"]
[PlyCount "81"]
[EventDate "2018.??.??"]
[EventType "swiss"]
[EventCountry "SVK"]
[SourceTitle "playchess.com"]
[Source "ChessBase"]
[SourceQuality "1"]

{[%evp 18,81,21,21,52,52,62,0,4,4,41,37,66,70,158,146,129,133,198,195,221,202,169,129,216,198,214,68,66,67,66,50,60,45,52,0,64,20,27,30,24,18,14,26,20,0,2,0,391,391,696,672,645,605,987,944,1050,1025,29984,29985,29989,1038,1023,1010,29986,12837]} 1. c4 e6 2. g3 d5 3. Bg2 Nf6 4. Nf3 dxc4 5. Qa4+ Nbd7 6. Qxc4 a6 7. Qb3 Bd6 {A13: English Opening: 1...e6} (7... Be7 8. O-O O-O 9. Nc3 c5 10. a4 Nb8 11. Ne5 Ra7 12. a5 Nfd7 13. Nc4 Nc6 14. d3 Nd4 15. Qd1 {1-0 (28) Aronian,L (2784)-Duda,J (2658) Berlin 2015}) 8. O-O O-O 9. d4 c5 10. Rd1 {LiveBook: 3 Games} Qe7 11. Nc3 Rd8 $146 ({Predecessor:} 11... h6 12. Bf4 Bxf4 13. gxf4 cxd4 14. Nxd4 Re8 15. Rac1 {½-½ (51) Tukmakov,V (2580)-Andersson,U (2600) Reggio Emilia 1987}) 12. e4 (12. Be3 $14) 12... cxd4 $11 13. Nxd4 Bc5 14. h3 Ne5 15. Be3 b5 {[#]} (15... Bd7 $14) 16. Nf5 $1 $16 {[%cal Rf5e7][%mdl 512]} exf5 17. Bxc5 Qc7 (17... Rxd1+ $16 18. Rxd1 Qe8) 18. Rxd8+ $18 Qxd8 19. exf5 Bxf5 20. Rd1 Nd3 (20... Qe8 $16) 21. Be3 {Ne2 is the strong threat.} Rc8 22. Nd5 (22. Ne2 $18) 22... Nxd5 $14 23. Bxd5 Qd7 24. Bg2 {[%cal Bd5g2,Bg2f1,Bf1e2,Be2d3][%mdl 32] Hoping for g4.} ({Don't play} 24. Rxd3 Bxd3 25. Qxd3 Rd8 $15) 24... Rd8 25. Bg5 Re8 $1 26. Be3 (26. g4 $14 Bg6 27. Be3) 26... Qd6 (26... Rd8 $1 $11) 27. Kh2 h6 28. Bf1 $36 {[%cal Rf1d3][%mdl 2048] White fights for an advantage.} Rd8 29. a4 bxa4 30. Qxa4 Qf6 31. Qa3 {[%cal Rf1d3]} Be4 {( -> ...Qf3)} 32. Be2 {[%cal Rd1d3]} ({Weaker is} 32. Rxd3 Bxd3 33. Bxd3 Qd6 $18) 32... Qf5 $2 {[%mdl 8192]} (32... Ne5 $11) 33. f3 $1 $18 {[%cal Rf3e4]} Qh5 $2 (33... Bxf3 34. Bxd3 Qc8) 34. Qe7 Rb8 35. Qxe4 Nxb2 36. Rb1 Qa5 37. Bd3 {Intending Qh7+ and mate.} Qa2 38. Kh1 Rd8 39. Bc2 (39. Qh7+ $142 Kf8 40. Re1 Ke7 41. Bf4+ Qe6 42. Rxe6+ Kxe6 43. Qe4+ Kd7 44. Bxa6) 39... g6 40. Bd4 Nc4 41. Ra1 {Precision: White = 50%, Black = 25%.} (41. Qh4 $142 Qa5 42. Qf6 Rxd4 43. Rb8+ Rd8 44. Rxd8+ Qxd8 45. Qxd8+ Kg7 46. Qd4+ Kf8 47. Qxc4) 1-0

[Event "EIWCC 2018"]
[Site "Vysoke Tatry"]
[Date "2018.04.08"]
[Round "1"]
[White "Milcova, Zuzana"]
[Black "Tomilova, Elena"]
[Result "1/2-1/2"]
[WhiteElo "2033"]
[BlackElo "2326"]
[Annotator "TA"]
[PlyCount "150"]
[EventDate "2018.??.??"]
[EventType "swiss"]
[EventCountry "SVK"]
[SourceTitle "playchess.com"]
[Source "ChessBase"]
[SourceQuality "1"]

{[%evp 19,150,-37,-25,-39,-31,-33,-29,-45,-28,-58,-53,-74,-61,-58,-61,-85,-72,-84,-60,-68,-69,-72,-73,-85,-83,-90,-20,-31,-24,-46,0,0,0,0,0,-12,-12,-7,0,-5,-5,-25,-25,-25,-25,-25,-25,-37,-37,-63,-70,-65,-37,-37,-37,-162,-162,-121,-113,-124,-115,-112,-79,-79,-52,-56,-51,-79,-79,-146,-135,-204,-133,-185,-179,-172,-143,-293,-199,-189,-93,-81,0,0,8,8,68,0,0,0,0,0,0,0,0,0,0,0,0,0,0,0,0,0,0,0,0,0,0,0,0,0,0,0,0,0,0,0,0,0,0,0,0,0,0,0,0,0,0,0,0,0,0]} 1. d4 d5 2. Nf3 Nf6 3. Bf4 c5 4. c3 Nc6 5. e3 Qb6 6. Qb3 c4 7. Qxb6 axb6 8. Nbd2 b5 9. Be2 e6 {D02: 1 d4 d5 2 Nf3 sidelines, including 2...Nf6 3 g3 and 2...Nf6 3 Bf4} 10. O-O b4 {LiveBook: 5 Games} 11. cxb4 Bxb4 {Black is slightly better.} 12. a3 Be7 13. Ne5 Nxe5 14. Bxe5 b5 $146 ({Find the theoretical novelty and annotate with similar games:} 14... O-O 15. Rfc1 b5 {0-1 (35) Pouchon,J (1919)-Karpatchev,A (2456) Wasselonne 2012}) 15. Bf3 Bb7 {[%cal Bc8b7,Bb7c6,Bc6d7][%mdl 32]} 16. Rac1 O-O 17. Rfe1 Nd7 18. Bg3 f5 19. Nb1 Bc6 20. Be2 Nb6 21. f3 Bd7 22. Nc3 b4 (22... Na4 $17 23. Nxa4 Rxa4) 23. axb4 $11 Bxb4 24. Bd1 Bxc3 25. bxc3 Ra2 26. Bd6 Rfa8 27. Bc5 Na4 28. Bxa4 $1 R8xa4 29. Kf1 g5 30. Re2 Rxe2 31. Kxe2 {[%mdl 4096] Endgame KRB-KRB} Ra2+ 32. Kf1 Ba4 33. Re1 Bc2 34. h3 Bd3+ 35. Kg1 Kf7 36. Kh2 h5 {[%cal Bh7h5,Bh5h4][%mdl 32]} 37. Bd6 ({Only move:} 37. h4 $1 $15) 37... h4 $19 38. Bc7 Kg6 39. Bd6 Rc2 40. Bb4 Kh5 41. Ra1 Re2 42. Ra8 Rxe3 43. Bd6 Bc2 44. Be5 (44. Bb4 $142) 44... Rxc3 $17 45. Re8 (45. Rh8+ $17 Kg6 46. Rg8+ Kf7 47. Rxg5) 45... g4 46. hxg4+ (46. Rh8+ $17 {was worth a try.} Kg6 47. hxg4) 46... fxg4 $19 {[#] Hoping for ...g3+.} 47. Rh8+ Kg5 48. fxg4 (48. Rg8+ $17 Bg6 49. fxg4) 48... Bg6 49. Rg8 Rd3 (49... Re3 $19 {has better winning chances.} 50. Bd6 Kf6 51. Rf8+ Kg7) 50. Bd6 $17 c3 (50... Kxg4 $17 51. Rxg6+ Kf5) 51. Be7+ $11 Kf4 {[#] White must now prevent ...Be4.} 52. Rxg6 {KRB-KR} c2 (52... Rd1 $1 $11) 53. Bg5+ ({White should try} 53. Bd6+ $14 Ke3 54. Rxe6+ Kd2 55. Be5) 53... Kxg4 {aiming for ...Kf5.The position is equal.} 54. Bh6+ Kf5 55. Rg5+ Kf6 56. Rg4 Rd1 57. Rxh4 c1=Q 58. Bxc1 Rxc1 {KR-KR} 59. Rf4+ Kg5 60. g3 Rc2+ 61. Kg1 Re2 62. Kf1 Rc2 (62... Rd2 {NOTEXT} 63. Kg1 Kg6 64. Rg4+ Kh5 65. Rf4 Re2) 63. Kg1 Kg6 64. Kf1 Rh2 65. Kg1 Rh5 (65... Rd2 {NOTEXT} 66. Kf1 Kg5 67. Ke1 Rg2 68. Rf3 Rc2) 66. Kg2 Rh7 67. Kf3 Re7 68. Rg4+ Kf7 69. Kf4 Kf6 70. Rh4 Rf7 71. g4 e5+ 72. dxe5+ Ke6+ 73. Ke3 Kxe5 74. Rh5+ Ke6 75. Rh6+ Ke5 {Precision: White = 46%, Black = 58%.} 1/2-1/2

[Event "EIWCC 2018"]
[Site "Vysoke Tatry"]
[Date "2018.04.08"]
[Round "1"]
[White "Nemcova, Karin"]
[Black "Kulon, Klaudia"]
[Result "0-1"]
[WhiteElo "1992"]
[BlackElo "2319"]
[Annotator "TA"]
[PlyCount "58"]
[EventDate "2018.??.??"]
[EventType "swiss"]
[EventCountry "SVK"]
[SourceTitle "playchess.com"]
[Source "ChessBase"]
[SourceQuality "1"]

{[%evp 12,58,0,-4,0,0,0,0,70,-7,-19,-20,-18,-19,-7,-49,-46,-72,-68,-68,-67,-300,-304,-299,-296,-272,-272,-323,-320,-313,-296,-342,-316,-360,-372,-479,-450,-893,-881,-881,-875,-1341,-1323,-29972,-29973,-5935,-5835,-29986,-29987]} 1. e4 e5 2. Nf3 Nc6 3. d4 exd4 4. Nxd4 Nf6 5. Nxc6 bxc6 6. Qe2 {C45: Scotch Game} (6. e5 Qe7 7. Qe2 Nd5 8. h4 Bb7 9. c4 Nb6 10. Rh3 Qe6 11. f4 O-O-O 12. a4 d5 13. a5 Nxc4 14. b3 Bb4+ 15. Kf2 Nxa5 16. Bd2 {½-½ (73) Nakamura,H (2781)-Carlsen,M (2837) London 2017}) 6... Qe7 7. Nc3 {LiveBook: 26 Games} g6 8. Bg5 {[#] aiming for e5.The position is equal.} h6 9. Bh4 Qe6 $146 ({Black should play} 9... Rb8 $11) ({Predecessor:} 9... g5 10. Bg3 d6 11. O-O-O Nd7 12. Qc4 Bb7 13. Be2 O-O-O {1-0 (21) Lazov,T (2223)-Lakinska,S (1723) Struga 2015}) 10. a3 (10. O-O-O $14) 10... Bg7 $11 11. f3 O-O 12. O-O-O d6 13. g4 Rb8 14. Qd2 Nd7 15. Bf2 c5 $40 {[%mdl 128] Black is up to no good.} 16. Kb1 $2 (16. Be3 $15) 16... Qf6 $19 17. Ka1 Qxf3 18. Bd3 Ne5 19. Rdf1 Qxg4 20. Be3 Kh7 21. Rf4 Qe6 22. Rhf1 Rb6 23. Na4 Nxd3 24. cxd3 (24. Qxd3 $142 Ba6 25. Qd5 Qxd5 26. exd5) 24... Rb3 25. d4 Qc4 26. Qc1 Qxa4 27. Rxf7 Rxf7 28. Rxf7 {[#]} Rxe3 $1 29. Qxe3 Qd1+ {Precision: White = 33%, Black = 84%.} 0-1

[Event "EIWCC 2018"]
[Site "Vysoke Tatry"]
[Date "2018.04.08"]
[Round "1"]
[White "Dwilewicz, Katarzyna"]
[Black "Belenkaya, Dina"]
[Result "1/2-1/2"]
[WhiteElo "1967"]
[BlackElo "2308"]
[Annotator "TA"]
[PlyCount "96"]
[EventDate "2018.??.??"]
[EventType "swiss"]
[EventCountry "SVK"]
[SourceTitle "playchess.com"]
[Source "ChessBase"]
[SourceQuality "1"]

{[%evp 30,96,-19,-16,-14,-52,8,-19,-27,-50,-16,-12,-21,-29,11,11,10,7,14,0,8,0,0,0,0,0,0,0,0,0,0,0,0,0,0,0,0,0,26,39,172,163,175,166,151,69,64,47,56,0,44,0,16,11,16,0,43,39,52,4,25,0,0,0,0,0,0,0,0]} 1. d4 d5 2. c4 dxc4 3. e3 Nf6 4. Bxc4 e6 5. Nf3 a6 6. O-O c5 7. Qe2 b5 8. Bb3 Bb7 9. Rd1 Nbd7 10. Nc3 Qb8 11. d5 c4 {D29: Queen's Gambit Accepted: Classical main line: 7 Qe2 with early ...Nbd7} (11... exd5 12. Nxd5 Nxd5 13. Bxd5 Bxd5 14. Rxd5 Be7 15. e4 Qb7 16. Bg5 f6 17. Bf4 O-O 18. Rad1 Nb6 19. R5d2 Rad8 20. Rxd8 Rxd8 21. Rxd8+ Bxd8 22. e5 Qc6 23. Kf1 {½-½ (23) Postny,E (2618)-Nielsen,P (2681) Khanty-Mansiysk 2011}) 12. dxe6 fxe6 13. Bc2 Bd6 14. h3 O-O 15. a3 Qc7 16. e4 {LiveBook: 6 Games} Rad8 17. Bg5 $146 ({Predecessor:} 17. Be3 h6 18. Rac1 Nc5 19. e5 Bxe5 20. Nxe5 Qxe5 21. Bxc5 Qxc5 22. Qxe6+ {½-½ (48) Chernushich,L (2055)-Polyakov,E (2115) ICCF email 2014}) 17... Bc5 (17... Ne5 $15) 18. Rd2 (18. b4 $5 {[%cal Rb4c5]} Bb6 19. Kh1 $11) 18... Ne5 19. Rxd8 Rxd8 20. Nxe5 Qxe5 21. Be3 $1 Nh5 22. Bxc5 Qxc5 23. Rd1 Rxd1+ 24. Qxd1 {Hoping for e5!} Nf6 25. Qd2 e5 26. Qd8+ Kf7 27. Qb8 Qe7 28. f4 exf4 29. Qxf4 {[#] Threatens to win with e5.} Qc5+ 30. Kh1 {Black must now prevent e5.} Qd4 31. Qc7+ Qd7 32. Qf4 a5 33. Kh2 {[#] And now e5 would win.} Kg8 34. e5 Ne8 (34... Nh5 $14 35. e6 Qxe6 36. Qb8+ Qc8 37. Qxc8+ Bxc8) 35. Bf5 $18 Qc6 {[%csl Gb7][%cal Rc6g2]} 36. Be4 Qb6 37. Bd5+ (37. a4 $16 bxa4 38. Bxb7 (38. Nxa4 Qc7 $16) 38... Qxb7 39. Qxc4+ Qf7 40. Qxa4) 37... Bxd5 $14 38. Nxd5 {Intending Ne7+ and mate.} Qe6 39. Ne3 ({Better is} 39. Qd4 $14) 39... a4 40. Nf5 Nc7 41. Nd4 Qd5 42. Nf5 {Threatening mate with Ne7+.} Qd7 43. Nd6 Qe6 44. Qg5 h6 45. Qd8+ Kh7 {The position is equal.} 46. Qxc7 Qxe5+ 47. Kh1 Qe1+ 48. Kh2 {Strongly threatening Nf5.} Qe5+ {Precision: White = 49%, Black = 46%.} 1/2-1/2

[Event "EIWCC 2018"]
[Site "Vysoke Tatry"]
[Date "2018.04.08"]
[Round "1"]
[White "Chan, Naruna"]
[Black "Warakomska, Anna"]
[Result "0-1"]
[WhiteElo "1909"]
[BlackElo "2306"]
[Annotator "TA"]
[PlyCount "50"]
[EventDate "2018.??.??"]
[EventType "swiss"]
[EventCountry "SVK"]
[SourceTitle "playchess.com"]
[Source "ChessBase"]
[SourceQuality "1"]

{[%evp 26,50,29,29,52,42,52,48,41,26,157,0,0,0,0,0,0,0,0,0,0,-169,-201,-248,-232,-695,-676]} 1. e4 e5 2. Nf3 Nc6 3. Bc4 Bc5 4. c3 Nf6 5. d4 exd4 6. e5 d5 7. Bb5 Ne4 8. cxd4 Bb6 9. Nc3 O-O 10. Be3 {C54: Giuoco Piano: 4 c3 Nf6, main lines with 5 d4 and 5 d3} Bg4 (10... Ne7 11. O-O c6 12. Bd3 f5 13. exf6 Nxf6 14. Qc2 Bc7 15. Ne5 Ng4 16. Bxh7+ Kh8 17. Bg5 Nxe5 18. dxe5 Bxe5 {0-1 (25) Amonatov,F (2636)-Svidler,P (2765) Riadh 2017}) 11. h3 Bxf3 12. gxf3 Nxc3 13. bxc3 f6 14. f4 {[%cal Bf3f4,Bf4e5][%mdl 32] LiveBook: 4 Games} fxe5 15. fxe5 Ne7 16. Qg4 Nf5 17. Rg1 {Threatens to win with Bd3.} Qe7 {[#]} (17... g6 $11) 18. Bg5 $146 (18. Bd3 $1 $16 {[%cal Rd3f5]} Nxe3 19. Qh5) 18... Qa3 $1 $11 {[%cal Ra3c3]} 19. Rc1 {aiming for Bd7.} Bxd4 $1 20. cxd4 Qb4+ 21. Bd2 Qxb5 22. Rxc7 Qb1+ 23. Rc1 $2 {[#]} (23. Ke2 $1 $11 {and White has nothing to worry.} Nxd4+ 24. Ke3 Nf5+ 25. Ke2 Qb5+ 26. Ke1) 23... Qxa2 $19 24. Bh6 {[%cal Rh6g7]} Qa5+ 25. Kf1 $2 (25. Bd2 Qb6 26. Rc5) 25... Qa6+ {Precision: White = 26%, Black = 48%.} 0-1